| 000 | 00341nam a22001337a 4500 | ||
|---|---|---|---|
| 008 | 170621b xxu||||| |||| 00| 0 eng d | ||
| 020 | _a9781565925205 | ||
| 041 | _aeng | ||
| 080 | _a32 | ||
| 100 | _a20 | ||
| 101 | _aSHP | ||
| 245 |
_aCRAKING DES SECRETS ENCRYPTION RESEARCH WIRETAP POLITICS CHIP DESIGN _cPEERY.M |
||
| 942 |
_2udc _cBK |
||
| 999 |
_c18380 _d18380 |
||